Rī Sāmarrāʼ fī ʻahd al-khilāfah al-ʻAbbāsīyah / (Record no. 48271)

MARC details
000 -LEADER
fixed length control field 00870cam a22002531a 4500
001 - CONTROL NUMBER
control field ne 65001476
003 - CONTROL NUMBER IDENTIFIER
control field DLC
005 - DATE AND TIME OF LATEST TRANSACTION
control field 20260227111815.0
008 - FIXED-LENGTH DATA ELEMENTS--GENERAL INFORMATION
fixed length control field 920811m19489999iq ab b 000 0 ara
010 ## - LIBRARY OF CONGRESS CONTROL NUMBER
LC control number ne 65001476
035 ## - SYSTEM CONTROL NUMBER
System control number (OCoLC)26373548
040 ## - CATALOGING SOURCE
Original cataloging agency DLC
Transcribing agency MWalB
Modifying agency MWalB
-- OCoLC
-- DLC
042 ## - AUTHENTICATION CODE
Authentication code premarc
050 00 - LIBRARY OF CONGRESS CALL NUMBER
Classification number TC913.I7
Item number S6
100 1# - MAIN ENTRY--PERSONAL NAME
Personal name Sousa, Ahmed.
245 10 - TITLE STATEMENT
Title Rī Sāmarrāʼ fī ʻahd al-khilāfah al-ʻAbbāsīyah /
Statement of responsibility, etc. Ahmed Sousa.
250 ## - EDITION STATEMENT
Edition statement al-Ṭabʻah 1.
260 ## - PUBLICATION, DISTRIBUTION, ETC.
Place of publication, distribution, etc. Baghdād :
Name of publisher, distributor, etc. Maṭbuʻah al-Maʻārif,
Date of publication, distribution, etc. 1948-
300 ## - PHYSICAL DESCRIPTION
Extent v. :
Other physical details ill., folded maps ;
Dimensions 25 cm.
500 ## - GENERAL NOTE
General note Cover title: The irrigation system of Samarrah during the Abbassid caliphate.
504 ## - BIBLIOGRAPHY, ETC. NOTE
Bibliography, etc. note Includes bibliographical references.
650 #0 - SUBJECT ADDED ENTRY--TOPICAL TERM
Topical term or geographic name entry element Irrigation
Geographic subdivision Iraq
-- Sāmarrāʼ.
740 0# - ADDED ENTRY--UNCONTROLLED RELATED/ANALYTICAL TITLE
Uncontrolled related/analytical title Irrigation system of Samarrah during the Abbassid Caliphate.

No items available.

Powered by Koha